|
|
|
|
| LEADER |
00000nam a2200000 a 4500 |
| 001 |
vtls001345923 |
| 003 |
SK-MaSNL |
| 005 |
20260301200727.0 |
| 008 |
240226s1998 xo aa r y slo |
| 015 |
|
|
|a SNBA1999/07-02458
|
| 020 |
|
|
|a 8088735769
|
| 035 |
|
|
|a SNK000299159
|
| 035 |
|
|
|a urn:nbn:sk:snk-amtk22
|
| 035 |
|
|
|a urn:nbn:sk:snk-am00c60z
|
| 035 |
|
|
|a ADAAE7FD-5C39-47EC-A6FA-D646966B3609
|
| 040 |
|
|
|a SNK
|b slo
|c SNK
|e AACR2
|
| 041 |
0 |
|
|a slo
|
| 044 |
|
|
|a xo
|c SK
|
| 080 |
|
|
|a 808.54(091)
|2 1981
|
| 245 |
0 |
|
|a Chvála slovenčiny
|b dokumenty, svedectvá a vyznania
|c [zostavil: Pavol Hudík]
|
| 260 |
|
|
|a Bratislava
|b Spolok slovenských spisovateľov
|a Martin
|b Matica slovenská
|c 1998
|
| 300 |
|
|
|a 187 s.
|b ilustr., fotogr.
|c 29 cm
|
| 500 |
|
|
|a Rozlož. ilustr. tit. strana
|
| 500 |
|
|
|a Údaj o zost. prevzatý z rubu tit. strany
|
| 504 |
|
|
|a Bibliogr. s. 185. Men. reg.
|
| 650 |
0 |
7 |
|a slovenčina
|2 SNK
|9 1350
|
| 655 |
|
7 |
|a príručky
|2 SNK
|9 74364
|
| 700 |
1 |
|
|a Hudík, Pavol,
|d 1937-
|4 com
|9 85415
|
| 919 |
|
|
|a 80-88735-76-9
|
| 958 |
|
|
|a TL
|
| 958 |
|
|
|a NB
|
| 958 |
|
|
|a OND
|
| 999 |
|
|
|c 891802
|d 893732
|
| 952 |
|
|
|t P60, <03>, [BOOK], {603}
|a SNK
|b SNK
|y PREZ
|7 0
|p 17A0189408
|o snkSB 60069
|i snkKSP 3956/99
|0 0
|1 0
|4 0
|d 1999-04-13
|f 1
|l 0
|r 2025-04-09 00:00:00
|w 2026-02-24
|
| 952 |
|
|
|t P60, <04>, [BOOK], {604}
|a SNK
|b SNK
|y VYP
|7 0
|p 17A0189409
|o snkSB 60069 D1
|i snkKSP 3957/99
|0 0
|1 0
|4 0
|d 1999-04-13
|l 0
|r 2005-01-02 00:00:00
|w 2026-02-24
|
| 952 |
|
|
|t snkHUD 808.54(091)
|a SNKUST
|b SNKUST
|y PREZ
|7 0
|p 17A0160959
|o snkSB 60069 D2
|i snkF 109/2003
|0 0
|1 0
|4 0
|d 2003-02-24
|l 0
|r 2025-05-29 00:00:00
|w 2026-02-24
|